00357nam a2200121Ia 4500008004100000245006300041260003500104260000900139300000800148650001800156650001500174856004600189170221s9999 xx 000 0 und d aL2 Fossilization: A Competence or a Performance Phenomenon bThe Open Communication Journal c2014 a8 : xCommunication xMedia Arts uhttps://benthamopen.com/TOCOMMJ/VOLUME/8/